Największe aglomeracje na Ukrainie - Statystyki

Ogólne statystyki
  • Ten quiz został rozwiązany 244 razy
  • Średni wynik to 11 z 20
Statystyki odpowiedzi
Miejsce Mieszkańcy Nazwa % Poprawnych
1. 3 740 700 Aglomeracja Kijowska
100%
6. 1 239 200 Aglomeracja Lwowska
98%
5. 1 585 200 Aglomeracja Odeska
92%
2. 2 076 200 Aglomeracja Charkowska
90%
3. 1 840 700 Aglomeracja Doniecka
90%
4. 1 731 200 Aglomeracja Dniepropetrowska
74%
14. 554 400 Aglomeracja Ługańska
71%
8. 1 009 500 Aglomeracja Zaporoska
67%
12. 639 700 Aglomeracja Mariupolska
54%
7. 1 010 100 Aglomeracja Krzyworoska
53%
15. 554 200 Aglomeracja Mikołajowska
52%
17. 529 400 Aglomeracja Chersońska
46%
16. 541 900 Aglomeracja Rówieńska
36%
10. 658 100 Aglomeracja Winnicka
36%
20. 518 500 Aglomeracja Żytormieska
33%
19. 526 000 Aglomeracja Chmielnicka
26%
18. 528 300 Aglomeracja Czerkaska
22%
11. 652 400 Aglomeracja Gorłówska
7%
13. 558 800 Aglomeracja Kramatorska
7%
9. 731 800 Aglomeracja Czerniowicka
6%
Nie znaleziono quizów pasujących do podanych kryteriów
Rozkład punktacji
Procent ludzi z każdym wynikiem
Percentyl według liczby udzielonych odpowiedzi
Twoja historia wyników
Nie rozwiązałeś tego quizu